MARC

LEADER 00000nam0a2200000 4500
001 283924
005 20231101235638.0
035 |a (RuTPU)RU\TPU\book\308062 
090 |a 283924 
100 |a 20150211d1965 k y0rusy50 ca 
101 0 |a rus 
102 |a RU 
105 |a a z 001zy 
200 1 |a Применение радиоуглеродного метода в четвертичной геологии  |e к VII Конгрессу INQUA, США, 1965  |f Л. Р. Серебрянный  |g Академия наук СССР (АН СССР), Институт географии (ИГ) 
210 |a Москва  |c Наука  |d 1965 
215 |a 211 с.  |c ил. 
320 |a Библиография : с. 131-255. 
320 |a Указатели: с. 256-269. 
606 1 |a Радиологическое датирование  |2 stltpush  |3 (RuTPU)RU\TPU\subj\22754  |9 47456 
606 1 |a Геология историческая  |2 stltpush  |3 (RuTPU)RU\TPU\subj\6118  |9 34076 
610 1 |a радиоуглеродный метод 
610 1 |a четвертичная геология 
610 1 |a применение 
610 1 |a теория 
610 1 |a методика 
610 1 |a геохронология 
610 1 |a палеонтология 
675 |a 550.93  |v 3 
675 |a 551.7  |v 3 
700 1 |a Серебрянный  |b Л. Р.  |g Леонид Рувимович 
712 0 2 |a Академия наук СССР (АН СССР)  |b Институт географии (ИГ)  |c (Москва)  |2 stltpush  |3 (RuTPU)RU\TPU\col\11388 
801 1 |a RU  |b 63413507  |c 20150211 
801 2 |a RU  |b 63413507  |c 20210522  |g RCR 
942 |c BK